Statistiques concernant Culture Générale - Série 1755

Cliquez ici pour prendre le quiz!

Statistiques générales

  • Ce quiz a été pris 114 fois
  • Le résultat moyen est 4 sur 10

Statistiques - réponses

QuestionRéponse% Correct
Quels insectes l'écrivain Bernard Werber a-t-il mis en scène dans sa première trilogie ?fourmis
88%
Qui a écrit « l'enfer, c'est les autres » dans une de ses pièces de théâtre ?Jean-Paul Sartre
79%
Qui a sculpté la statue de David et la Pietà ?Michel-Ange
66%
Quelle série de bandes dessinées française créée par Binet, trace le portrait satirique de Robert et Raymonde ?les Bidochon
64%
Combien y a-t-il de chromosomes dans une cellule humaine normale ?46
52%
Qui a composé la musique des ballets Casse-noisette et Le Lac des cygnes?Tchaïkovski
50%
Comment appelle-t-on la maladie due à la bactérie Bordetella pertussis ?coqueluche
6%
Qui guide Dante à travers le paradis dans La Divine Comédie ?Béatrice
3%
Comment appelait-on autrefois les psychiatres ?aliénistes
2%
Comment appelle-t-on l'arrivée massive d'un grand nombre de tortues marines venues nidifier sur une plage ?arribada
0%

Distribution des résultats

Percentile par nombre de réponses

% des personnes avec chaque résultat

Votre développement - résultats

Vous n’avez pas pris ce quiz